Catalog

Record Details

Catalog Search



Ten-ton titan terrier / writer, David Pepose ; ... Read More

Pepose, David,(author.).
Greco, Ornella,(artist.). Birch, Justin,(letterer.).

Available copies

  • 1 of 2 copies available at LARL/NWRL Consortium.

Current holds

0 current holds with 2 total copies.

Show Only Available Copies
Location Call Number / Copy Notes Barcode Shelving Location Status Due Date
Detroit Lakes Public Library J G PEP (Text) 33500014336226 New Available -
Moorhead Public Library J G PEP (Text) 33500014336234 New Checked out 05/30/2026

Record details

  • ISBN: 9781545820476
  • ISBN: 1545820473
  • ISBN: 9781545820469
  • ISBN: 1545820465
  • Physical Description: 161 pages : color illustrations ; 23 cm
  • Publisher: New York : Papercutz, [2025]

Content descriptions

Summary, etc.:
When an asteroid unleashes a horde of alien ... Read More
Subject: Human-alien encounters > Comic books, strips, etc.
Robots > Comic books, strips, etc.
Superheroes > Comic books, strips, etc.
Dogs > Comic books, strips, etc.
Human-animal relationships > Comic books, strips, etc.
Human-alien encounters > Fiction.
Robots > Fiction.
Superheroes > Fiction.
Dogs > Fiction.
Human-animal relationships > Fiction.
Adventure and adventurers > Fiction.
Science fiction.
Cartoons and comics.
Genre: Graphic novels.
Comics (Graphic works)
Science fiction comics.
Action and adventure comics.
Comics (Graphic works)
Graphic novels.
LDR 03133cam a22006617i 4500
001471720
003LARL_NWRL_CONSORTIUM
00520260212154558.0
008251007t20252025nyua j 6 000 1 eng
040 . ‡aVIA ‡beng ‡erda ‡cVIA ‡dOQX ‡dORK ‡dUUC ‡dGRC ‡dOCLCO ‡dWIM ‡dOCLCO ‡dCPL ‡dOCLCO ‡dCNCAR ‡dIG# ‡dCHILD ‡dCGP
020 . ‡a9781545820476 ‡q(hardcover)
020 . ‡a1545820473 ‡q(hardcover)
020 . ‡a9781545820469 ‡q(paperback)
020 . ‡a1545820465 ‡q(paperback)
035 . ‡a(OCoLC)1543620117
08204. ‡a741.5/973 ‡223/eng/20251023
1001 . ‡aPepose, David, ‡eauthor. ‡1https://id.oclc.org/worldcat/entity/E39PCjJJDYyPGcWPFjdjxFhHQ3
24510. ‡aTen-ton titan terrier / ‡cwriter, David Pepose ; artist, Ornella Greco ; letterer, Justin Birch
2463 . ‡a10 ton titan terrier
264 1. ‡aNew York : ‡bPapercutz, ‡c[2025]
264 4. ‡c©2025
300 . ‡a161 pages : ‡bcolor illustrations ; ‡c23 cm
336 . ‡atext ‡btxt ‡2rdacontent
336 . ‡astill image ‡bsti ‡2rdacontent
337 . ‡aunmediated ‡bn ‡2rdamedia
338 . ‡avolume ‡bnc ‡2rdacarrier
380 . ‡aComic or graphic novel
520 . ‡aWhen an asteroid unleashes a horde of alien monsters known as Bio-Titans, Earth must turn to a suit of extraterrestrial battle armor to save the day -- but there's just one catch. Because the only creature on the planet capable of turning it on... is an 11-inch-tall terrier named Holly. With the Bio-Titan threat escalating by the second, Holly and her scientist owner Sam will find their unique bond tested, as he trains his mischievous mutt to become not just man's best friend, but humanity's only hope. -from Amazon.
650 0. ‡aHuman-alien encounters ‡vComic books, strips, etc.
650 0. ‡aRobots ‡vComic books, strips, etc.
650 0. ‡aSuperheroes ‡vComic books, strips, etc.
650 0. ‡aDogs ‡vComic books, strips, etc.
650 0. ‡aHuman-animal relationships ‡vComic books, strips, etc.
650 1. ‡aHuman-alien encounters ‡vFiction. ‡0(LARL_NWRL_CONSORTIUM)165608
650 1. ‡aRobots ‡vFiction. ‡0(LARL_NWRL_CONSORTIUM)167147
650 1. ‡aSuperheroes ‡vFiction.
650 1. ‡aDogs ‡vFiction. ‡0(LARL_NWRL_CONSORTIUM)164539
650 1. ‡aHuman-animal relationships ‡vFiction. ‡0(LARL_NWRL_CONSORTIUM)165684
650 1. ‡aAdventure and adventurers ‡vFiction. ‡0(LARL_NWRL_CONSORTIUM)175858
650 1. ‡aScience fiction. ‡0(LARL_NWRL_CONSORTIUM)30394
650 1. ‡aCartoons and comics. ‡0(LARL_NWRL_CONSORTIUM)175912
655 0. ‡aGraphic novels.
655 0. ‡aComics (Graphic works)
655 7. ‡aScience fiction comics. ‡2lcgft
655 7. ‡aAction and adventure comics. ‡2lcgft
655 7. ‡aComics (Graphic works) ‡2lcgft
655 7. ‡aGraphic novels. ‡2lcgft
7001 . ‡aGreco, Ornella, ‡eartist. ‡1https://id.oclc.org/worldcat/entity/E39PCjMGXmdCCjcYXVprTKchpd
7001 . ‡aBirch, Justin, ‡eletterer. ‡1https://id.oclc.org/worldcat/entity/E39PBJm4QVyRkQdJ8YYBm7bGHC
905 . ‡uvanderl
901 . ‡a471720 ‡bAUTOGEN ‡c471720 ‡tbiblio ‡soclc

Additional Resources